000 01714cam a22003017i 4500
001 10247990
003 CaAEU
005 20260511114640.0
006 m o d
007 cr||n|||||||||
008 230421s2023 enk o 0|0 0 eng d
020 _a9781399407762
020 _a9781399407779
_q(electronic bk.)
020 _z9781399407786
_q(paperback)
037 _a7211494
_bProquest Ebook Central
039 _aexclude
040 _aCaONFJC
_beng
_erda
_cCaONFJC
_dAEU
041 _aEnglish
050 4 _aHF5549
245 1 0 _aTackle office nightmares
_b: how to cope with tricky situations and people.
264 1 _aLondon :
_bBloomsbury,
_c2023.
300 _a96 pages
520 _aA clear guide that offers solutions and advice on a wide range of contemporary issues, from how to defuse tense situations, to where to turn if you think you are being discriminated against, to stepping in to help others. While we'd all like a quiet life, there are some workplace situations that can't be ignored. Both virtually and in offices, bullying and discrimination remain problems for many organizations and their employees. At the same time, key customers can be ever more demanding, won't take no for an answer and aren't afraid to tell you so. Tackle Office Nightmares offers solutions and step-by-step advice to navigating these issues and maintaining a harmonious working environment. It features step-by-step guidance, top tips, common mistakes and advice on how to avoid them, summaries of key points and lists of handy books and weblinks.
650 0 _aBullying in the workplace
_93114
650 0 _aDiscrimination in employment
_925146
650 0 _aWork environment
_9742
942 _2lcc
999 _c5380
_d5380